01430nam a2200337Ia 4500001000700000008004100007035001500048041000800063084001900071245025300090260002600343300003000369500023500399650002700634650003000661650002500691650001600716650003200732650001300764700003700777710004800814710001300862901000600875903000700881904000800888953004200896999001500938910000900953942001400962952011600976002825221003s1988 xx 000 0 spa d aCENDO_4000 aspa aGJ-00011-00004 0aQueja de Don Nicolás Redondo Urbieta, secretario general de la Unión General de Trabajadores, contra el gobierno del Estado español, ante el comité de libertad sindical y aplicación de normas de la Organización Internacional del Trabajo a[S.l. :bs.n.,c1988] a37, [8], 17 cm ;c 30 cm aContiene: Acuerdo suscrito entre el Ministerio de Trabajo y Seguridad Social y la Unión Democrática de Pensionistas sobre revalorización de pensiones de la Seguridad Social y otras pensiones públicas para el ejercicio 1989 aDERECHOS SINDICALES95 0aNEGOCIACION COLECTIVA974 0aACTITUD SINDICAL961 aESPAÑA99 aACTITUD GUBERNAMENTAL91137 aUGT9235 aREDONDO URBIETA, Nicolás93420 aORGANIZACION INTERNACIONAL DEL TRABAJO9383 aOIT9384 a0 aSI a000 d1997-10-29yDOCUMENTOoGJ-00011-00004 c3999d3999 a1988 cDOCUMENTO 00104070aCENDObCENDOd1997-10-29l0oGJ-00011-00004pCENDO_4000r2022-10-05 00:00:00w2022-10-05yDOCUMENTO